The Mother : Tales of all times / (Record no. 64097)

MARC details
000 -LEADER
fixed length control field 00489nam a22001457a 4500
005 - DATE AND TIME OF LATEST TRANSACTION
control field 20120317133041.0
020 ## - INTERNATIONAL STANDARD BOOK NUMBER
International Standard Book Number 8170580269
Terms of availability 40.00
035 ## - SYSTEM CONTROL NUMBER
System control number B-84438
037 ## - SOURCE OF ACQUISITION
Stock number DPL
Source of stock number/acquisition ENG
245 ## - TITLE STATEMENT
Title The Mother : Tales of all times /
260 ## - PUBLICATION, DISTRIBUTION, ETC. (IMPRINT)
Place of publication, distribution, etc Pondicherry
Name of publisher, distributor, etc Sri Aurobindo Ashram
Date of publication, distribution, etc 2003
300 ## - PHYSICAL DESCRIPTION
Extent 138p.
Dimensions 18 cms.
942 ## - ADDED ENTRY ELEMENTS (KOHA)
Source of classification or shelving scheme Dewey Decimal Classification
Item type English Books
Classification part 181.49
Call number suffix MOT
Holdings
Withdrawn status Lost status Not for loan Collection code Home library Current library Date acquired Cost, normal purchase price Full call number Barcode Cost, replacement price Koha item type
      Non-fiction Sarojini Nagar Sarojini Nagar 17/03/2012 40.00 181.49 MOT B-084438 40.00 English Books

© Delhi Public Library
Hit Counter
free hit counter